| 000 -LEADER |
| fixed length control field |
00365 a2200133 4500 |
| 008 - FIXED-LENGTH DATA ELEMENTS--GENERAL INFORMATION |
| fixed length control field |
240627b ||||| |||| 00| 0 eng d |
| 020 ## - INTERNATIONAL STANDARD BOOK NUMBER |
| International Standard Book Number |
9781946226273 |
| 082 ## - DEWEY DECIMAL CLASSIFICATION NUMBER |
| Classification number |
307 |
| 100 ## - MAIN ENTRY--PERSONAL NAME |
| Personal name |
Philip F. Yuan |
| 245 ## - TITLE STATEMENT |
| Title |
Collaborative Laboratory: Works of Archi-Union and Fab-Union |
| 260 ## - PUBLICATION, DISTRIBUTION, ETC. (IMPRINT) |
| Name of publisher, distributor, etc |
Oscar Riera Ojeda Publishers |
| Date of publication, distribution, etc |
2019 |
| 300 ## - PHYSICAL DESCRIPTION |
| Extent |
398pages |
| 942 ## - ADDED ENTRY ELEMENTS (KOHA) |
| Source of classification or shelving scheme |
|